| 000 | 00675nam a2200229 a 4500 | ||
|---|---|---|---|
| 001 | 13609 | ||
| 003 | BD-JhCC | ||
| 005 | 20240303191518.0 | ||
| 008 | 171128s2024 bg |||| ||a| 000 0 ben d | ||
| 020 | _a9789849758365 | ||
| 035 | _a(BD-JhCC)13609 | ||
| 040 |
_aBD-JhCC _dBD-JhCC |
||
| 041 | _abengali | ||
| 082 |
_a891.443 _bRAH 2024 |
||
| 100 | _a রহমান, সোহাইল | ||
| 245 |
_aমিথ্যা ঘটনা অবলম্বনে / _cসোহাইল রহমান । |
||
| 260 |
_aঢাকা : _bঅন্য প্রকাশ; _c2024. |
||
| 300 |
_a128 p. : _c22 cm. |
||
| 650 | _aBengali Novel. | ||
| 942 |
_2ddc _cBK |
||
| 999 |
_c13609 _d13609 |
||